|
|
|
|
| LEADER |
00635cam a2200217ua 4500 |
| 008 |
060815t1998||||||||||| 00 ||eng c |
| 020 |
|
|
|a 0-09-976841-0
|
| 041 |
0 |
|
|a eng
|
| 082 |
|
|
|a 813.9
|b MOR/S
|
| 100 |
0 |
|
|a Toni Morrison,
|
| 245 |
0 |
0 |
|a Song of Solomen /
|
| 250 |
|
|
|a 1st ed.
|
| 260 |
|
|
|a London:
|b Vintage,
|c 1998.
|
| 300 |
|
|
|a 337p..
|
| 362 |
1 |
|
|a 1998.
|
| 365 |
|
|
|a Rs.195.25/-
|e pb
|
| 650 |
|
|
|a American Literature
|
| 650 |
0 |
|
|a American fiction-history and criticism
|
| 942 |
|
|
|c BK
|
| 999 |
|
|
|c 1040
|d 1040
|
| 952 |
|
|
|0 0
|1 0
|4 0
|6 813_900000000000000_MOR
|7 0
|9 1088
|a KUCL
|b KUCL
|d 2014-05-23
|l 0
|o 813.9 MOR/
|p 04153
|r 2014-05-23
|w 2014-05-23
|y BK
|